Statistics for Some General Knowledge!

Click here to take the quiz!

General Stats

  • This quiz has been taken 19 times
  • The average score is 9 of 15

Answer Stats

HintAnswer% Correct
Who is Batmans sidekick?Robin
100%
What country is shaped like a boot?Italy
94%
What is 12 x 12?144
83%
Which state is farthest north in the USA?Alaska
83%
Whats the famous fruit grown in the state of Washington?Apple
78%
What breed of dog is Scooby-Doo?Great Dane
78%
What is the scientific abbreviation for "Iron"?Fe
72%
Who painted the "Starry Night"?Vincent Van Gogh
72%
Who is Super Mario's brother?Luigi
67%
What does JFK stand for?John F Kennedy
61%
Who assasinated President Abraham LincolnJohn Wilkes Booth
50%
Who is the main character in the Legend of Zelda?Link
50%
What is the best selling game-console to date?Playstation 2
28%
What type of tree did George Washington cut down?Cherry Tree
22%
Who wrote the song "Honey i'm good"?Andy Grammer
0%

Score Distribution

Percentile by Number Answered

Percent of People with Each Score

Your Score History

You have not taken this quiz